000 01889nam a22002537a 4500
999 _c59633
_d59633
003 Ge_BSU
005 20230324165309.0
008 230324s2022 ge ||||| |||| 00| 0 geo d
020 _a9789941979163
041 _ageo
080 _a341.176.2 ა-26
245 _aადამიანის უფლებათა დაცვა: საერთაშორისო და ეროვნული გამოცდილება :
_bსტატიათა კრებული /
_cრედაქტორი კონსტანტინე კორკელია.
264 _aთბილისი,
_c2022.
300 _a208 გვ. ;
_b24 სმ.
500 _aდოკუმენტი მომზადდა ევროკავშირის (EU) და სამხრეთ კავკასიაში გაეროს ადამიანის უფლებათა უმაღლესი კომისრის ოფისის (OHCHR) ფინანსური მხარდაჭერით.
504 _aბიბლიოგრაფია ტექსტის შენიშვნებში
653 _aნაფიც მსაჯულთა საქმეები
653 _aსიცოცხლის ხელყოფისა და არასათანადო მოპყრობის შემთხვევათა გამოძიებ
700 _aბაგრატიონ-დავითიშვილი, მეგი
_eავტორი
_917256
700 _aბალავაძე, მარიამ
_eავტორი
_917257
700 _aელიზბარაშვილი, საბა და სხვ.
_eავტორი
_917258
700 _aკორკელია, კონსტანტინე
_eრედაქტორი
_9539
942 _2udc
_cBK